El papel de las encuestas /

Salvato in:
Dettagli Bibliografici
Autore principale: Araya Martinez, Gustavo
Natura: testo
Lingua:Spanish
Soggetti:
Tags: Aggiungi Tag
Nessun Tag, puoi essere il primo ad aggiungerne!!

MARC

LEADER 00000 a a2200000 04500
001 39790
003 cru CIDCACS/IIS
005 20200925160510.0
008 170504b xxu||||| |||| 00| 0 spa d
020 |a 978-9977-68-173-3  
040 |c CRAI/IIS  |a CRAI/IIS 
090 |a 04.04.02 R741e  
100 1 |a Araya Martinez, Gustavo  |9 4467 
245 |a El papel de las encuestas /  |c Gustavo Araya Martinez 
300 |a Páginas 319-380 
650 |a FINANCIAMIENTO  
650 |a PARTIDOS POLITICOS  
650 |a ELECCIONES  
650 |a LEGISLACION  
650 |a COSTA RICA  
650 |a FINANCIAMIENTO  
942 |2 ddc  |c LI 
773 0 |0 2368  |9 705  |a Rojas Bolaños, Manuel   |d San José: Costa Rica. Tribunal Supremo de Elecciones. FLACSO   |o 07183  |t Elecciones 2006 y referéndum: perspectivas diversas /  |w (cru CIDCACS/IIS)39793  |z 978-9977-68-173-3  
999 |c 10787  |d 10787